000
00318nam a2200157Ia 4500
100
_a
Gulati/R.R
250
_a
4
942
_c
RB
654
_a
Social Studies
245
_a
Social Studies
260
_b
Tata Mc Graw hill
_a
Delhi
_c
186
082
_a
362.85
_b
GUL
300
_a
186
546
_a
ENGLISH
999
_c
30496
_d
30496